000 00358nam a22001337a 4500
005 20250925093838.0
008 250925b |||||||| |||| 00| 0 eng d
050 _aS612
_b.5 PRI
100 _aPRIHAR S.S
245 _aIRRIGATION OF FIELD CROPS
260 _aNEW DELHI
_bPUBLICATIONS AND INFORMATION DIVISION
_cc2002
300 _avii, 142p
942 _2lcc
_cBK
_n0
999 _c7701
_d7701